000 01096cam a2200241 i 4500
003 SA-RiAUC
005 20241225142117.0
008 241220s1978 jo g 00000 ara c
040 _aSA-RiAUC
_bara
_cSA-RiAUC
_erda
043 _aa-jo---
082 0 4 _a332.1221
090 _a332.1221
_b ب ن ك
110 2 _aالبنك الإسلامي الأردني للتمويل والاستثمار.
_eمؤلف.
245 1 0 _aعقد التأسيس والنظام الداخلي :
_bقانون البنك الإسلامي الأردني للتمويل والاستثمار /
_cالبنك الإسلامي الأردني للتمويل والاستثمار.
264 1 _aعمان، الأردن :
_bالبنك الإسلامي الأردني للتمويل والاستثمار،
_c1978
300 _a44 صفحة ؛
_c25 سم
336 _aنص
_btxt
_2rdacontent
_3كتاب
337 _aبدون وسيط
_bn
_2rdamedia
338 _aمجلد
_bnc
_2rdacarrier
650 7 _aالبنوك الإسلامية
_zالأردن
_2aucsh
942 _2ddc
_cBOOK
_n0
949 _aSA-JeALM
_d241220
_umohamedma123
_n1
999 _c3957
_d3957